Retrieving the tradition and renewing evangelicalism : (Record no. 9040)

MARC details
000 -LEADER
fixed length control field 01059cam a22002894a 4500
001 - CONTROL NUMBER
control field 1214125
003 - CONTROL NUMBER IDENTIFIER
control field GBCCL
005 - DATE AND TIME OF LATEST TRANSACTION
control field 20241126110704.0
008 - FIXED-LENGTH DATA ELEMENTS--GENERAL INFORMATION
fixed length control field 990525s1999 miu b 001 0 eng
010 ## -
-- 99032615
020 ## - INTERNATIONAL STANDARD BOOK NUMBER
International Standard Book Number 0802846688 (pbk. : alk. paper)
040 ## - CATALOGING SOURCE
Original cataloging agency DLC
Transcribing agency DLC
Modifying agency DLC
042 ## -
-- pcc
050 00 -
-- BR1640
-- .W55 1999
082 00 - DEWEY DECIMAL CLASSIFICATION NUMBER
Classification number 230.044
Edition information 21
Item number WIL
100 1# - MAIN ENTRY--PERSONAL NAME
Personal name Williams, Daniel H.
9 (RLIN) 15778
245 10 - TITLE STATEMENT
Title Retrieving the tradition and renewing evangelicalism :
Remainder of title a primer for suspicious Protestants /
Statement of responsibility, etc. D.H. Williams.
260 ## - PUBLICATION, DISTRIBUTION, ETC.
Place of publication, distribution, etc. Grand Rapids, Mich. :
Name of publisher, distributor, etc. W.B. Eerdmans Pub.,
Date of publication, distribution, etc. c1999.
300 ## - PHYSICAL DESCRIPTION
Extent ix, 243 p. ;
Dimensions 23 cm.
504 ## - BIBLIOGRAPHY, ETC. NOTE
Bibliography, etc. note Includes bibliographical references and index.
650 #0 - SUBJECT ADDED ENTRY--TOPICAL TERM
Topical term or geographic name entry element Evangelicalism.
9 (RLIN) 178
650 #0 - SUBJECT ADDED ENTRY--TOPICAL TERM
Topical term or geographic name entry element Tradition (Theology)
9 (RLIN) 15326
650 #0 - SUBJECT ADDED ENTRY--TOPICAL TERM
Topical term or geographic name entry element Fathers of the church.
9 (RLIN) 3045
906 ## - LOCAL DATA ELEMENT F, LDF (RLIN)
a 7
b cbc
c orignew
d 1
e ocip
f 19
g y-gencatlg
942 ## - ADDED ENTRY ELEMENTS (KOHA)
Source of classification or shelving scheme Dewey Decimal Classification
Koha item type Books
Koha issues (borrowed), all copies 1
Holdings
Withdrawn status Lost status Source of classification or shelving scheme Damaged status Not for loan Home library Current Library Shelving location Date acquired Total checkouts Full call number Barcode Date last seen Date last checked out Copy number Price effective from Koha item type
    Dewey Decimal Classification     GRACE BIBLE COLLEGE GRACE BIBLE COLLEGE Theology 2022-03-15 1 230.044 WIL 015448 2025-05-01 2023-01-27 c.1 2022-03-15 Books
© Grace Bible College Library 2025